| 000 | 00918naa a2200241 4500 | ||
|---|---|---|---|
| 005 | 20090619121835.0 | ||
| 008 | 090619t xxu||||| |||| 00| 0 eng d | ||
| 010 | _aENG-94123 | ||
| 020 |
_a9788190515757 _c495.00 |
||
| 035 | _aEN-77656 | ||
| 037 | _bDBAD / PUB | ||
| 040 |
_adpl _bEnglish |
||
| 082 | _a070.4023 | ||
| 100 | _aSandeep Kumar | ||
| 245 |
_aCareer in journalism and mass communications / _cby Sandeep Kumar |
||
| 260 |
_aDelhi _bMukund Publication _c2009 |
||
| 270 |
_aE-11/5, Krishana Nagar, _bDelhi _e110051 |
||
| 300 |
_avi, 256p. _c22cm(Hb) |
||
| 500 | _aIncludes bibliographical references and index | ||
| 650 |
_aJournalism _xVocational guidance |
||
| 942 |
_adpl _cEN _2ddc _mSAN _h070.4023 |
||
| 999 |
_c27628 _d27628 |
||